000 01008cam a2200289 4500
001 J120528
008 021120n2002 000 0 eng u
035 _a(Sirsi) u120528
041 _aeng.
050 _a711.552
_c18
110 _aEstates Gazette
_9298
245 _aCentre retailing 2003
250 _a16th ed.
260 _bEstates Gazette
_c2002
300 _a300p.
_c31cm.
520 _aA useful reference source for retail schemes and projects. Includes listings for 49 UK shopping centres and 46 centres in Europe, Australia, the Middle East and Africa. Also contains editorial information on the issues affecting the retail property business.
650 _aSHOPPING CENTRES
650 _aRETAIL SCHEMES
650 _aEUROPE
650 _aAUSTRALIA
650 _aMIDDLE EAST
650 _aAFRICA
690 _aPROPERTY-COMMERCIAL PROPERTY-RETAIL PROPERTY
710 _aBritish Council of Shopping Centres
_91982
856 _uhttps://www.egi.co.uk/centreretailing
942 _n0
999 _c102527
_d102527